000 00370nam a22001217a 4500
999 _c569
_d569
005 20200815140218.0
008 200815b ||||| |||| 00| 0 eng d
020 _a0333345398
040 _cCML
245 _aTechnology and Underdevelopment.
_cStewart, F.
260 _aLondon
_bThe Macmillan Press Ltd
_c1978
942 _2ddc
_cBK
_e2nd Edition
_h330.91724
_mSTE